|
|
|
|
| LEADER |
00000nam0a2200000 4500 |
| 001 |
21560 |
| 005 |
20231030193138.0 |
| 010 |
|
|
|a 5856030087
|
| 035 |
|
|
|a (RuTPU)RU\TPU\book\21764
|
| 035 |
|
|
|a BOOK00006457
|
| 090 |
|
|
|a 21560
|
| 100 |
|
|
|a 20011209d1992 m y0rusy50 ca
|
| 101 |
1 |
|
|a rus
|c eng
|a eng
|
| 102 |
|
|
|a RU
|
| 105 |
|
|
|a y j 000zy
|
| 200 |
1 |
|
|a Конструкции и обороты английского языка
|e пер. с англ.
|f А. С. Хорнби
|g пер. А. С. Игнатьев
|
| 210 |
|
|
|a Москва
|c Буклет
|d 1992
|
| 215 |
|
|
|a 334 с.
|
| 330 |
|
|
|a Эта книга предназначена для изучающих английский язык и может быть использована учащимися в средних ивысших учебных заведениях и лицами, самостоятельно занимающимися языком, в качестве учебного пособия.Для удобства пользования книгой прилагаются предметный указатель и указатель слов.
|
| 610 |
1 |
|
|a английский язык
|
| 610 |
1 |
|
|a учебные пособия
|
| 610 |
1 |
|
|a грамматика
|
| 610 |
1 |
|
|a конструкции
|
| 610 |
1 |
|
|a обороты
|
| 610 |
1 |
|
|a синтаксис
|
| 686 |
|
|
|a Ш143.21-923.2
|v LBC/SL-A
|2 rubbk
|
| 700 |
|
1 |
|a Хорнби
|b А. С.
|
| 702 |
|
1 |
|a Игнатьев
|b А. С.
|4 730
|
| 801 |
|
0 |
|a RU
|b 63413507
|c 20011209
|g PSBO
|
| 801 |
|
2 |
|a RU
|b 63413507
|c 20080717
|g PSBO
|
| 942 |
|
|
|c BK
|